000 00345nam a2200133 i 4500
001 bg
245 0 _aPodstawy konstrukcji maszyn :
_bpraca zbiorowa.
_nCz. 1 /
_cpod red. E. Mazanka.
260 _aCzęstochowa,
_c1985.
700 1 _aMAZANEK, E.
_eRed.
040 _cBPK
041 _apol
942 _cKS
008 s pl f |000 0 pol
999 _c3174
_d3174
856 _uhttp://koha.tu.koszalin.pl/cgi-bin/koha/opac-detail.pl?biblionumber=3174
_yKatalog online BPK